000 00610nam a2200241 i 4500
001 C2-0102204
003 PPAK
005 20180727100135.0
008 970601s1993 nyu |||| ||||| | eng d
020 _a0553560719
040 _aPPAK
_beng
_cPPAK
_erda
082 0 4 _a823
_223
090 0 0 _a823
_bZAH
_dG
100 1 _aZahn, Tomothy,
_eauthor
245 1 0 _aStar wars :
_bdark force rising
264 1 _aNew York :
_c1993
300 _a439 pages ;
_c18 cm
336 _2rdacontent
_atext
337 _2rdamedia
_aunmediated
338 _2rdacarrier
_avolume
650 1 0 _aEnglish fiction
942 _ddc
_cB
999 _c23833
_d23833